000 00286nam a22001337a 4500
008 170216b xxu||||| |||| 00| 0 eng d
020 _a9780838577080
041 _aeng
080 _25TH
_a615
100 _a5
101 _aSHF
245 _aPHARMACOLOGY
_cKATZUNG, B.G
942 _2udc
_cBK
999 _c5739
_d5739